| 000 | 01355cam a2200145 4500500 | ||
|---|---|---|---|
| 005 | 20260329023212.0 | ||
| 041 | _afre | ||
| 042 | _adc | ||
| 100 | 1 | 0 |
_aBoulay, Guilhem _eauthor |
| 700 | 1 | 0 |
_aGrandclement, Antoine _eauthor |
| 245 | 0 | 0 | _aIntroduction à la géographie économique |
| 260 |
_bArmand Colin,
_c2019. |
||
| 520 | _aLa géographie économique étudie la géographie des activités économiques et leur insertion dans des circuits qui participent à la production et à la consommation des richesses. Elle offre un cadre critique pour penser les transformations spatiales induites par la globalisation et le tournant post-fordiste et néolibéral (innovation, financiarisation, marchandisation de l’environnement…). Cet ouvrage présente l’ensemble des concepts et outils de la géographie économique et dresse un tableau synthétique et à différentes échelles des dynamiques des espaces économiques. Assorti d’études de cas portant sur des sujets concrets (ubérisation, services écosystémiques, subprimes…) et des territoires variés (Chine, Mexique, France, États-Unis…), il s’adresse à un large public d’étudiants (géographes, économistes, IEP, écoles de commerce…). | ||
| 856 | 4 | 1 | _uhttps://shs.cairn.info/introduction-a-la-geographie-economique--9782200622305?lang=fr&redirect-ssocas=7080 |
| 999 |
_c1925461 _d1925461 |
||